00358cam a22000977a 4500008004000000082001200040245008900052260005000141300000900191700006000200180718b1958 xxu||||| |||| 00| 0 eng d aXA2x 42 aFlatlets for old peoplecby Ministry of Housing and Local Government, United Kingdom aLondonbHer Majesty's Stationery Officec1958 a20p. aUnited Kingdom.Ministry of Housing and Local Government